Domáca verzus inštitucionálna starostlivosť o nesebestačných seniorov alebo o medzigeneračnej solidarite

Bibliographic Details
Main Author: Határ, Ctibor, 1979- (Author)
Format: Article
Language:Slovak
PhysicalDescription:Tab.
ISBN:9788055505480
Subjects:

MARC

LEADER 00000nab a2200000 a 4500
001 vtls010541230
003 SK-MaSNL
005 20260429170348.0
008 130909c2012 xo r m 000 00slo
015 |a SNBRA2013/09SVKPO 
038 |a SVKPO 
040 |a SVKPOCL  |b slo  |c SVKPOCL  |e AACR2 
041 0 |a slo  |b eng 
044 |a xo  |c SK 
080 |a 316.346.32-053.9  |2 2001 
080 |a 364-78  |2 2001 
080 |a 612.67-053.9  |2 2001 
080 |a 316.4.051.63  |2 2001 
080 |a 649.8  |2 2001 
080 |a 364.69-783.44  |2 2001 
080 |a 173.5/.7  |2 2001 
100 1 |a Határ, Ctibor,  |d 1979-  |4 aut  |9 209542 
245 1 0 |a Domáca verzus inštitucionálna starostlivosť o nesebestačných seniorov alebo o medzigeneračnej solidarite  |c Ctibor Határ 
300 |a Tab. 
504 |a Bibliogr. odkazy 
546 |a Abstr. slov., angl. 
650 0 7 |a seniori  |2 svkpocl  |9 117453 
650 0 7 |a sebestačnosť  |2 svkpocl  |9 59128 
650 0 7 |a medzigeneračné vzťahy  |2 svkpocl  |9 4897 
650 0 7 |a domáca starostlivosť  |2 svkpocl  |9 50051 
650 0 7 |a inštitucionálna starostlivosť  |2 svkpocl  |9 71625 
650 0 7 |a medzigeneračné spolužitie  |2 svkpocl  |9 1501041 
650 0 7 |a prarodičia a vnúčatá  |2 svkpocl  |9 82715 
773 0 |t Medzigeneračné mosty - vstupujeme do roka medzigeneračnej solidarity : zborník príspevkov z konferencie s medzinárodnou účasťou 10.11.2011 v Prešove / [Beáta Balogová (ed.)]  |d Prešov : Prešovská univerzita, Filozofická fakulta, 2012  |g S. 34-44  |z 9788055505480 
852 |a SVKPO  |b KIS3GCP 
958 |a SK 
958 |a NB 
999 |c 2995782  |d 2997712